Memorias en fragmentos : miradas sobre el holocausto :
Guardado en:
| Autor Principal: | |
|---|---|
| Formato: | Libro |
| Publicado: |
Buenos Aires :
Ministerio de Educación,
2009
|
| Materias: | |
| Etiquetas: |
Agregar Etiqueta
Sin Etiquetas, Sea el primero en etiquetar este registro!
|
| LEADER | 01174nam a22002175a 4500 | ||
|---|---|---|---|
| 001 | CEM.cems013218 | ||
| 005 | 20091113100229.0 | ||
| 008 | 130507s2009##################000#0#####d | ||
| 003 | CEMS | ||
| 020 | |a 9789500007054 | ||
| 082 | 0 | 4 | |a A864.4 |
| 100 | 1 | |a Adamoli, María Celeste | |
| 245 | 1 | 0 | |a Memorias en fragmentos : |b miradas sobre el holocausto : |c María Celeste Adamoli ... [et Al.] |
| 260 | |a Buenos Aires : |b Ministerio de Educación, |c 2009 | ||
| 300 | |a 91 p. | ||
| 500 | |a Programa Educación y Memoria | ||
| 505 | 0 | |a El holocausto como espejo de la humanidad -- Sobre las definiciones del genocidio -- Metafísica del Holocausto / Pablo Freinkel -- Solución final / Alejandro Kaufman -- Hurbinek / Ricardo Forster -- Los contrabandistas de la memoria / J. Hassoun -- El buen uso / Tzvetan Todorov -- Ejerer la memoria / Nelly Richard -- La época del desprecio / Albert Camus -- Por qué es un hecho único?, los hundidos y los salvados / Primo Levi -- Sacudirse la indiferencia / Eli Wiesel -- Las voces que llegan desde el tiempo -- | |
| 653 | |a Literatura | ||
| 653 | |a Holocausto | ||
| 653 | |a Shoá | ||
| 859 | |a CEMS |b BIB. CEMS - 11 de abril |h A864.4 |i Ad19 |p 25699.09 |t Ej.1 | ||
